00754nam a2200229Ia 450000500170000000800400001702000180005708200190007510000300009424500670012425000180019130000240020965000300023365000280026365000300029165000380032126400420035933600270040133700330042833800280046104000350048920220317000313.0141031s2009 ck ck 0 sga d s sp spa  a978958719292604a636.0831bA18e1 aAcuña Caita, John Fabio10aEstructuras para alojamiento animal cJohn Fabio Acuña Caita a1a. edición a91 páginasc22 cm142LEMBaGanadoxAlojamiento142LEMBaEstablos lecheros142LEMBaCerdosxAlojamiento142LEMBaAves de corralxAlojamiento aBogotá bUniversidad Nacionalc2009 atextobtxt2rdacontent asin mediaciónbn2rdamedia avolumenbnc2rdacarrier aCO-BoRNBPbspaerdacCO-BoRNBP